[Event "Gaprindashvili Cup op 2nd"]
[Site "Tornelo INT"]
[Date "2020.11.10"]
[Round "9"]
[White "Chigladze, Iveri"]
[Black "Kekelidze, Mikheil"]
[Result "1-0"]
[WhiteElo "2335"]
[BlackElo "2388"]
[PlyCount "127"]
[EventDate "2020.11.08"]
[EventType "swiss (rapid)"]
[EventRounds "9"]
[EventCountry "GEO"]
[SourceTitle "CBM 199 Extra"]
[Source "ChessBase"]
[SourceDate "2021.01.31"]
[SourceVersion "1"]
[SourceVersionDate "2021.01.31"]
[SourceQuality "1"]

1. d4 Nf6 2. c4 e6 3. Nc3 Bb4 4. Qc2 0-0 5. a3 Bxc3+ 6. Qxc3 Qe8 7. g3 d6 8. Bg2 e5 9. dxe5 dxe5 10. Nf3 Nc6 11. b4 Ne4 12. Qe3 Nd6 13. Qc3 f6 14. b5 Ne7 15. a4 Be6 16. Nd2 Qf7 17. Ba3 Rad8 18. 0-0 b6 19. Rac1 Rfe8 20. Rfd1 Ndf5 21. e3 Rd7 22. Qc2 Red8 23. c5 Re8 24. c6 Rdd8 25. Qb2 h5 26. Nb1 h4 27. Nc3 hxg3 28. hxg3 Qh5 29. Qe2 Qxe2 30. Nxe2 Kf7 31. Bh3 Nc8 32. e4 Nfd6 33. Bxe6+ Kxe6 34. f3 f5 35. exf5+ Nxf5 36. Kf2 Ncd6 37. g4 Ne7 38. Bxd6 Rxd6 39. Rxd6+ cxd6 40. f4 Nd5 41. f5+ Ke7 42. Rd1 Nc7 43. Nc3 a6 44. Kg3 axb5 45. Nxb5 Nxb5 46. axb5 Ra8 47. g5 Ra5 48. Rc1 Kd8 49. f6 gxf6 50. gxf6 Ra8 51. c7+ Kd7 52. c8Q+ Rxc8 53. Rxc8 Ke6 54. Rc6 Kxf6 55. Rxd6+ Kf5 56. Rxb6 e4 57. Rb8 Ke5 58. b6 Kd6 59. Rc8 Kd7 60. b7 e3 61. b8Q e2 62. Qb7+ Kd6 63. Qc6+ Ke7 64. Rc7+ 1-0